00485 a2200169 450000500170000001000140001702000230003103500130005403700150006708200080008210000190009024500670010926000400017627000560021630000240027250000190029620181031160205.0 aENG-87775 a8178801175c600.00 aEN-71308 bDBAD / PUB a020 aDawra, Manisha aLibrary science and theories of management /cby Manisha Dawra aNew DelhibRajat Publicationsc2004 a4675/21, Ansari Road, DaryaganjbNew Delhie110 002 a252 p.c22 cm ( Hb) aincludes index